Southville International School and Colleges
Your cart is empty.
  • Cart
  • Lists
    Public lists Eva Luna New books Lux_list list_1
    Your lists Log in to create your own lists
  • Log in to your account
  • Your cookies
  • Search history
Southville International School and Colleges
  • Advanced search
  • Recent comments
  • Most popular
  • Libraries

Log in to your account

Log in with GOOGLE


If you do not have an external account, but do have a local account, you can still log in:

  1. Home
  2. MARC view: The Hare and the tortoise.
Normal view MARC view ISBD view

The Hare and the tortoise. (Record no. 111318)

[ view plain ]
MARC details
000 -LEADER
fixed length control field 00618nam a2200193 a 4500
001 - CONTROL NUMBER
control field 2790
005 - DATE AND TIME OF LATEST TRANSACTION
control field 20140414131913.0
008 - FIXED-LENGTH DATA ELEMENTS--GENERAL INFORMATION
fixed length control field 051020s19uu xx 00 eng d
020 ## - INTERNATIONAL STANDARD BOOK NUMBER
International Standard Book Number 971-8560-20-3
050 ## - LIBRARY OF CONGRESS CALL NUMBER
Classification number ER
Item number H11 2002
245 ## - TITLE STATEMENT
Title The Hare and the tortoise.
260 ## - PUBLICATION, DISTRIBUTION, ETC. (IMPRINT)
Place of publication, distribution, etc Makati :
Name of publisher, distributor, etc Straight Lines,
Date of publication, distribution, etc 2002.
300 ## - PHYSICAL DESCRIPTION
Extent 24 p. : ill. ; cm.
440 ## - SERIES STATEMENT/ADDED ENTRY--TITLE
Title Classic tales collection.
520 ## - SUMMARY, ETC.
Summary, etc As for Harry the hare, he learned that there are things which are more important than swiftness--like determination and humility.
650 ## - SUBJECT ADDED ENTRY--TOPICAL TERM
Topical term or geographic name as entry element Race
General subdivision Fiction.
650 ## - SUBJECT ADDED ENTRY--TOPICAL TERM
Topical term or geographic name as entry element Children stories.
Holdings
Withdrawn status Lost status Damaged status Use restrictions Home library Current library Shelving location Date acquired Source of acquisition Total Checkouts Full call number Barcode Date last seen Price effective from Koha item type
        Munich Library Munich Library Easy Reading Section 10/20/2005     ER H11 2002 M1988 04/14/2014 04/14/2014 Books

The Hare and the tortoise.

APA

(2002). The Hare and the tortoise. Makati: Straight Lines.

Chicago

2002. The Hare and the tortoise. Makati: Straight Lines.

Harvard

(2002). The Hare and the tortoise. Makati: Straight Lines.

MLA

The Hare and the tortoise. Makati: Straight Lines. 2002.

  • Place hold
  • Print
  • Cite
  • Add to your cart (remove)
  • Save record
    BIBTEX Dublin Core MARCXML MARC (non-Unicode/MARC-8) MARC (Unicode/UTF-8) MARC (Unicode/UTF-8, Standard) MODS (XML) RIS
  • More searches
    Search for this title in:
    Other Libraries (WorldCat) Other Databases (Google Scholar) Online Stores (Bookfinder.com) Open Library (openlibrary.org)

Exporting to Dublin Core...

SOUTHVILLE LIBRARY

Southville International School and Colleges Library

1281 Tropical Ave. Cor. Luxembourg St., BF Homes International, Las Pinas City

Tel. No. 8256374 / 252358 Loc. 117/146

Powered by Koha